Statistics for Nordschleife Sections

Click here to take the quiz!

General Stats

  • This quiz has been taken 7 times
  • The average score is 8 of 30

Answer Stats

Sections% Correct
Döttinger Höhe
80%
Brünnchen
60%
Fuchsröhre
60%
Pflanzgarten
60%
Schwalbenschwanz
60%
Adenauer Forst
40%
Bergwerk
40%
Carraciola-Karussell
40%
Ex-Mühle
40%
Flugplatz
40%
Hatzenbach
40%
Hohe Acht
40%
Kesselchen
40%
Schwedenkreuz
40%
Wehrseifen
40%
Hocheichen
20%
Tiergarten
20%
Wippermann
20%
Antoniusbuche
0%
Aremberg
0%
Eschbach
0%
Galgenkopf
0%
Hedwigshöhe
0%
Hohenrain
0%
Kallenhard
0%
Klostertal
0%
Metzgesfeld
0%
Quiddelbacher-Höhe
0%
Stefan-Bellof-S
0%
Steilstrecke
0%

Score Distribution

Percentile by Number Answered

Percent of People with Each Score

Your Score History

You have not taken this quiz